书目信息 |
| 题名: |
老虎画法
|
|
| 作者: | 温鸿源 , 任善评 编 | |
| 分册: | ||
| 出版信息: | 上海 上海人民美术出版社 1983 |
|
| 页数: | 72页 | |
| 开本: | 19cm | |
| 丛书名: | ||
| 单 册: | ||
| 中图分类: | J211.28 | |
| 科图分类: | ||
| 主题词: | 动物画-虎-技法(美术) , 技法(美术)-动物画-虎 , 虎-动物画-技法(美术) | |
| 电子资源: | ||
| ISBN: | ||
| 000 | 00783nam0 2200265 45 | |
| 001 | 0183008470 | |
| 005 | 20060805082735.82 | |
| 010 | @dCNY0.33 | |
| 091 | @aCN@b8081.13440 | |
| 100 | @a19960215d1983 em y0chiy0121 ea | |
| 101 | 0 | @achi |
| 102 | @aCN@b310000 | |
| 105 | @af z 000yy | |
| 200 | 10 | @a老虎画法@Alao hu hua fa@e任曼逸讲授画虎笔记@f温鸿源,任善评编 |
| 210 | @a上海@c上海人民美术出版社@d1983 | |
| 215 | @a72页@c图@d19cm | |
| 517 | 1 | @a任曼逸讲授画虎笔记@Aren man yi jiang shou hua hu bi ji |
| 606 | @a动物画-虎-技法(美术) | |
| 606 | @a技法(美术)-动物画-虎 | |
| 606 | @a虎-动物画-技法(美术) | |
| 690 | @aJ211.28@v3 | |
| 701 | 0 | @a温鸿源@Awen hong yuan@4编 |
| 701 | 0 | @a任善评@Aren shan ping@4编 |
| 801 | 0 | @aCN@bTSSF@c20060805 |
| 905 | @a10447@dJ211.28@e354 | |
| 老虎画法:任曼逸讲授画虎笔记/温鸿源,任善评编.-上海:上海人民美术出版社,1983 |
| 72页:图;19cm |
| ISBN :CNY0.33 |
| ● |
| 相关链接 |
|
|
|
|
正题名:老虎画法
索取号:J211.28/354
 
预约/预借
| 序号 | 登录号 | 条形码 | 馆藏地/架位号 | 状态 | 备注 |
| 1 | 0444758 | 204447580 | 密集书库/ [索取号:J211.28/354] | 在馆 |